000 00194 a2200109 4500
020 _a00000000000
041 _aspa
100 _aDisney
245 _aEl Pato Darwig
942 _cBK
952 _74
999 _c24859
_d24859